Roma Integration in the Present

Súčasná situácia rómskej problematiky na Slovensku a v krajinách EÚ. Analýza a hodnotenie konkrétnych právnych a finančných nástrojov pre začleňovanie Rómov.

Guardado en:
Detalles Bibliográficos
Autor principal: Chrančoková, Martina, 1984-
Formato: Capítulo de libro
Lenguaje:eslovaco
Materias:
Etiquetas: Agregar Etiqueta
Sin Etiquetas, Sea el primero en etiquetar este registro!

MARC

LEADER 00000naa$a2200000$$$4500
001 0271639
005 20240502083826.3
041 0 |a slo 
044 |a CZ 
245 1 0 |a Roma Integration in the Present  |c Martina Chrančoková 
520 |a Súčasná situácia rómskej problematiky na Slovensku a v krajinách EÚ. Analýza a hodnotenie konkrétnych právnych a finančných nástrojov pre začleňovanie Rómov. 
610 2 0 |a integrácia 
610 2 0 |a politika integračná 
610 2 0 |a Rómovia 
610 2 0 |a vzdelávanie 
610 2 0 |a zamestnanosť 
610 2 0 |a zdravie 
610 2 0 |a bývanie 
610 2 0 |a diskriminácia 
100 1 |a Chrančoková, Martina, 1984-